Wives, Mothers, and the Red Menace (Record no. 353202)
[ view plain ]
| 000 -LEADER | |
|---|---|
| fixed length control field | 00682nam a2200133Ia 4500 |
| 008 - FIXED-LENGTH DATA ELEMENTS--GENERAL INFORMATION | |
| fixed length control field | 171212s9999 xx 000 0 und d |
| 020 ## - INTERNATIONAL STANDARD BOOK NUMBER | |
| International Standard Book Number | 9780870818851 |
| 100 ## - MAIN ENTRY--PERSONAL NAME | |
| Personal name | Brennan, Mary |
| 245 ## - TITLE STATEMENT | |
| Statement of responsibility, etc | Brennan, Mary |
| Title | Wives, Mothers, and the Red Menace |
| Remainder of title | Conservative Women and the Crusade against Communism |
| 260 ## - PUBLICATION, DISTRIBUTION, ETC. (IMPRINT) | |
| Name of publisher, distributor, etc | University Press of Colorado |
| Date of publication, distribution, etc | 2008 |
| 650 ## - SUBJECT ADDED ENTRY--TOPICAL TERM | |
| Topical term or geographic name as entry element | History |
| 650 ## - SUBJECT ADDED ENTRY--TOPICAL TERM | |
| Topical term or geographic name as entry element | Women conservatives -- United States -- History; Conservatism -- United States -- History; Communism -- United States -- Prevention; United States -- Politics and government -- 20th century; United States -- Social life and customs -- 20th century |
| 856 ## - ELECTRONIC LOCATION AND ACCESS | |
| Uniform Resource Identifier | <a href="http://jstor.org/stable/j.ctt1d8h9s3">http://jstor.org/stable/j.ctt1d8h9s3</a> |
| Withdrawn status | Lost status | Damaged status | Home library | Current library | Date acquired | Total Checkouts | Full call number | Date last seen | Price effective from | Koha item type |
|---|---|---|---|---|---|---|---|---|---|---|
| College Library | College Library | 12/12/2017 | HQ1236.5.U6B76 2008 | 12/12/2017 | 12/12/2017 | Curriculum - Based eBooks |